Loading...
| Fine Arts - Classical Music | 6 | 8.33 | 83% | 0% | 0% |
| Fine Arts - Other Fine Arts | 2 | 10.00 | 100% | 0% | 0% |
| Fine Arts - Visual Fine Arts | 5 | 10.00 | 80% | 20% | 0% |
| Geography/Current Events | 1 | 30.00 | 100% | 100% | 100% |
| History - American History | 7 | 14.29 | 100% | 29% | 14% |
| History - European History | 3 | 16.67 | 100% | 67% | 0% |
| History - Other History | 5 | 10.00 | 80% | 20% | 0% |
| History - World History | 3 | 20.00 | 100% | 100% | 0% |
| Literature - American Literature | 3 | 10.00 | 100% | 0% | 0% |
| Literature - British Literature | 1 | 0.00 | 0% | 0% | 0% |
| Literature - European Literature | 5 | 8.00 | 80% | 0% | 0% |
| Literature - World/Other Literature | 5 | 10.00 | 100% | 0% | 0% |
| Mythology | 4 | 22.50 | 100% | 50% | 75% |
| Other Academic | 1 | 20.00 | 100% | 100% | 0% |
| Philosophy | 3 | 13.33 | 100% | 33% | 0% |
| Pop Culture | 1 | 10.00 | 100% | 0% | 0% |
| Religion | 4 | 15.00 | 100% | 50% | 0% |
| Science - Biology | 6 | 11.67 | 100% | 17% | 0% |
| Science - Chemistry | 6 | 10.00 | 100% | 0% | 0% |
| Science - Other Science | 4 | 17.50 | 75% | 75% | 25% |
| Science - Physics | 4 | 15.00 | 100% | 25% | 25% |
| Social Science | 5 | 14.00 | 100% | 20% | 20% |